000
00280nam a22001217a 4500
008
180903b xxu||||| |||| 00| 0 eng d
041
_a
eng
080
_a
331
100
_a
58
101
_a
BIZ
245
_a
The 25 most common problems in Business
_c
Zabloski, J
942
_2
udc
_c
BK
999
_c
47456
_d
47456